000 00385nam a22001577a 4500
003 MPLRDC
005 20220104114109.0
008 210129b ||||| |||| 00| 0 eng d
082 _a610.11 WMZ c.3
100 _a王敏政编著
245 _a读史记、学处世
_c
260 _a
_b积奇出版社
_c
300 _b
650 _a中国通史--史记
942 _cBK
_o610.11 WMZ c.3
999 _c4793
_d4783